000
00202 a2200097 4500
001
7860
100
_a
Calder, R
245
_a
Men against the frozen north
260
_a
_b
Allen
_c
090
_c
6306
_d
6306
942
_a
NUST-CAE
_c
M
_c
32830
999
_c
242933
_d
242933